La legión del Caribe : (Registro nro. 46007)
[ vista simple ]
| 000 -CABECERA | |
|---|---|
| campo de control de longitud fija | 00866nam a2200217 a 4500 |
| 001 - NÚMERO DE CONTROL | |
| campo de control | 000046518 |
| 005 - FECHA Y HORA DE LA ÚLTIMA TRANSACCIÓN | |
| campo de control | 20201002052929.0 |
| 008 - DATOS DE LONGITUD FIJA--INFORMACIÓN GENERAL | |
| campo de control de longitud fija | 150821s2015 dr d r 000 0 spa d |
| 020 ## - NÚMERO INTERNACIONAL ESTÁNDAR DEL LIBRO | |
| Número Internacional Estándar del Libro | 9789945897616 |
| 040 ## - FUENTE DE LA CATALOGACIÓN | |
| Centro catalogador/agencia de origen | DO-SdBNP |
| Lengua de catalogación | spa |
| Centro/agencia transcriptor | BNPHU |
| 082 ## - NÚMERO DE LA CLASIFICACIÓN DECIMAL DEWEY | |
| Número de clasificación | xxxx |
| Número de documento/Ítem | xxxx |
| 100 1# - ENTRADA PRINCIPAL--NOMBRE DE PERSONA | |
| Nombre de persona | Ameringer, Charles D. |
| 9 (RLIN) | 74504 |
| 240 10 - TÍTULO UNIFORME | |
| Título uniforme | The Caribbean Legion:patriots, politicians, soldiers of fortune, 1946-1950 |
| 245 13 - MENCIÓN DE TÍTULO | |
| Título | La legión del Caribe : |
| Resto del título | patriotas, políticos y mercenarios, 1946-1950 / |
| Mención de responsabilidad, etc. | Charles D. Ameringer ; traducción Rosario Flores Paz. |
| 260 ## - PUBLICACIÓN, DISTRIBUCIÓN, ETC. | |
| Lugar de publicación, distribución, etc. | Santo Domingo : |
| Nombre del editor, distribuidor, etc. | Academia Dominicana de la Historia, |
| Fecha de publicación, distribución, etc. | 2015. |
| 300 ## - DESCRIPCIÓN FÍSICA | |
| Extensión | 263 p. : |
| Otras características físicas | il., gráfs. ; |
| Dimensiones | 23 cm. |
| 490 1# - MENCIÓN DE SERIE | |
| Mención de serie | Academia Dominicana de la Historia |
| Designación de volumen o secuencia | 124 |
| 500 ## - NOTA GENERAL | |
| Nota general | Incluye índice onomástico |
| 700 12 - PUNTO DE ACCESO ADICIONAL--NOMBRE DE PERSONA | |
| Nombre de persona | Flores Paz, Rosario |
| 9 (RLIN) | 65366 |
| 830 #0 - PUNTO DE ACCESO ADICIONAL DE SERIE-TÍTULO UNIFORME | |
| Título uniforme | Academia Dominicana de la Historia |
| Número de parte o sección de la obra | 124 |
| 9 (RLIN) | 74505 |
| Estado de retiro | Estado de pérdida | Restricciones de uso | No para préstamo | Código de colección | Localización permanente | Ubicación/localización actual | Ubicación en estantería | Fecha de adquisición | Número de inventario | Total de préstamos | Signatura topográfica completa | Código de barras | Fecha visto por última vez | Número de copia | Precio válido a partir de | Tipo de ítem Koha |
|---|---|---|---|---|---|---|---|---|---|---|---|---|---|---|---|---|
| Dominicana de Servicio | General | General | Depósito | 21.08.2015 | LF1 | xxxx xxxx | 46518-30 | 25.06.2020 | e. 3 | 25.06.2020 | Libro y Folleto Colección Dominicana de Servicio | |||||
| Dominicana de Servicio | General | General | Depósito | 19.07.2018 | LF1 | xxxx xxxx | 46518-40 | 25.06.2020 | e. 4 | 25.06.2020 | Libro y Folleto Colección Dominicana de Servicio | |||||
| Excluido de préstamo | Patrimonio Dominicano | Patrimonio Dominicano | Patrimonio Dominicano | Depósito | 21.08.2015 | LF1 | xxxx xxxx | 46518-10 | 25.06.2020 | 25.06.2020 | Libro y Folleto Colección Patrimonio Dominicano | |||||
| Excluido de préstamo | Patrimonio Dominicano | Patrimonio Dominicano | Patrimonio Dominicano | Depósito | 21.08.2015 | LF1 | xxxx xxxx | 46518-20 | 25.06.2020 | e. 2 | 25.06.2020 | Libro y Folleto Colección Patrimonio Dominicano |
